|
|
|
|
| LEADER |
01361nam a2200277 a 4500 |
| 001 |
18435 |
| 003 |
BD-DhAAL |
| 008 |
090720r20071999enka b 001 0 eng d |
| 020 |
|
|
|a 0749407085 (pbk) :
|c Đ45.00
|
| 020 |
|
|
|a 8176490075
|
| 040 |
|
|
|a BD-DhAAL
|c BD-DhAAL
|
| 082 |
0 |
0 |
|a 302.2
|2 21
|
| 100 |
1 |
|
|a Burnard, Philip.
|9 57647
|
| 245 |
0 |
0 |
|a Interpersonal skills training :
|b a sourcebook of activities for trainers /
|c Philip Burnard.
|
| 260 |
|
|
|a London :
|b Kogan Page ;
|a New Delhi :
|b Viva Books,
|c 1999 [reprinted 2007].
|
| 300 |
|
|
|a 358 pages :
|b illustrations ;
|c 23 cm.
|
| 504 |
|
|
|a Includes bibliographical references ( p. 342-351) and index.
|
| 526 |
|
|
|x Salim khan
Sr. program Associate
James P. Grant School
Course name and no. N/A
|
| 541 |
1 |
|
|a Paragon Enterprises
|e 00018435
|
| 650 |
|
0 |
|a Interpersonal communication
|v Handbooks, manuals, etc.
|9 57648
|
| 650 |
|
0 |
|a Interpersonal relations
|v Handbooks, manuals, etc.
|9 57649
|
| 650 |
|
0 |
|a Communication in management
|v Handbooks, manuals, etc.
|9 57650
|
| 852 |
4 |
|
|a School of Public Health.
|
| 942 |
|
|
|2 ddc
|c BK
|
| 999 |
|
|
|c 2649
|d 2649
|
| 952 |
|
|
|0 0
|1 0
|2 ddc
|4 0
|6 302_200000000000000_BUR
|7 0
|9 2429
|a JPGSPH
|b JPGSPH
|d 2009-07-22
|e Paragon Enterprise Ltd.
|g 429.00
|l 0
|o 302.2 BUR
|p 3060018435
|r 2009-07-22
|t 1
|w 2009-07-22
|y BK
|x Requisitioned by Salim khan, Sr. program Associate, James P. Grant School. Course name and no. N/A
|